| 000 | 01473nam a2200361Ia 4500 | ||
|---|---|---|---|
| 001 | ebr10135439 | ||
| 003 | CaPaEBR | ||
| 006 | m u | ||
| 007 | cr cn||||||||| | ||
| 008 | 040805s2005 nyu sb 001 0 eng d | ||
| 010 | _z 2004054129 | ||
| 020 | _z1403979146 | ||
| 020 | _z140396775X | ||
| 040 |
_aCaPaEBR _cCaPaEBR |
||
| 035 | _a(OCoLC)320321211 | ||
| 050 | 1 | 4 |
_aPS3545.I5365 _bZ799 2005eb |
| 082 | 0 | 4 |
_a812/.54 _222 |
| 100 | 1 | _aPaller, Michael. | |
| 245 | 1 | 0 |
_aGentlemen callers _h[electronic resource] : _bTennessee Williams, homosexuality, and mid-twentieth century Broadway drama / _cMichael Paller. |
| 260 |
_aNew York : _bPalgrave Macmillan, _cc2005. |
||
| 300 | _axii, 269 p. | ||
| 504 | _aIncludes bibliographical references and index. | ||
| 533 |
_aElectronic reproduction. _bPalo Alto, Calif. : _cebrary, _d2009. _nAvailable via World Wide Web. _nAccess may be limited to ebrary affiliated libraries. |
||
| 600 | 1 | 0 |
_aWilliams, Tennessee, _d1911-1983 _xCriticism and interpretation. |
| 650 | 0 |
_aHomosexuality and literature _zUnited States _xHistory _y20th century. |
|
| 650 | 0 | _aMale homosexuality in literature. | |
| 650 | 0 | _aSexual orientation in literature. | |
| 650 | 0 | _aGay men in literature. | |
| 650 | 0 | _aSex in literature. | |
| 655 | 7 |
_aElectronic books. _2local |
|
| 710 | 2 | _aebrary, Inc. | |
| 856 | 4 | 0 |
_uhttp://site.ebrary.com/lib/rucke/Doc?id=10135439 _zAn electronic book accessible through the World Wide Web; click to view |
| 999 |
_c85086 _d85086 |
||